000 00535nam a2200217Ia 4500
003 OSt
005 20220924143035.0
006 a|||||r|||| 00| 0
007 ta
008 220923b |||||||| |||| 00| 0 ori d
024 _a304485
037 _cTextual
040 _aARTS
_cARTS
_bORI
041 _2ORI
_aORI
082 _aO1591,1NRAx, L3
100 _aRao Madhusudan
_9214659
245 0 _aGrantwabali
260 _c1973
942 _hO1591,1NRAx, L3
_cTEXL
_2CC
999 _c452984
_d452984